Calciatori del Barcellona nel FIFA FIFPro World XI - Statistics

Statistiche generali
  • Questo quiz è stato fatto 30 volte
  • Il punteggio medio è 12 su 14
Statistiche sulle risposte
Numero apparizioni Edizioni apparizioni Nazione Calciatore % Corretto
15 2007; 2008; 2009; 2010; 2011; 2012; 2013; 2014; 2015; 2016; 2017; 2018; 2019; 2020; 2021 Argentina Lionel Messi
100%
1 2016 Uruguay Luis Suárez
96%
6 2009; 2011; 2012: 2013; 2015; 2016 Brasile Dani Alves
93%
2 2015; 2017 Brasile Neymar
93%
6 2008; 2009; 2010; 2011; 2012; 2013 Spagna Xavi
93%
9 2009; 2010; 2011; 2012: 2013; 2014; 2015; 2016; 2017 Spagna Andrés Iniesta
89%
2 2005; 2006 Camerun Samuel Eto'o
89%
1 2019 Paesi Bassi Frenkie de Jong
82%
3 2005; 2006; 2007 Brasile Ronaldinho
82%
3 2007, 2008, 2010 Spagna Carles Puyol
79%
4 2010; 2011; 2012; 2016 Spagna Gerard Piqué
79%
1 2006 Italia Gianluca Zambrotta
79%
1 2010 Spagna David Villa
64%
1 2006 Francia Lilian Thuram
39%
Nessun quiz corrispondente trovato
Distribuzione punteggi
Percentuale di utenti per punteggio
Percentile per numero di risposta
I tuoi punteggi nel tempo
Non hai fatto questo quiz